000 00435cam a2200181ua 4500
020 _c30.00
041 _aeng
_h
082 _a621.43
_bKER/IN
100 _aKerwani, H B .
245 _aInternal combustion engines /
_cH B Kerwani.
_hTextual Documents
250 _a2 /
_b.
260 _aDelhi :
_bStandard Book House ,
_c1982.
300 _a735 ; .
365 _a30.00
504 _a
942 _cBK
999 _c8927
_d8927